000 00850nam a2200217Ia 4500
001 17670
005 20260323111609.0
008 260306s9999||||xx |||||||||||||| ||und||
041 _aESP
082 _a658.15
_bB83 2020
100 _aBrigham, Eugene F.
_eAUT
245 0 _aFundamentos de administración financiera
260 _c2020
300 _avarias paginaciones :
_c27 cm.
650 _aGEN
654 _aCAN
856 _uhttps://itmsp.museknowledge.com/UCSP?url=https://www.ebooks7-24.com:443/?il=10759&pg=1
_zVersión digital
856 _uhttps://0u213touz-y-https-ebooks7--24-com.itmsp.museknowledge.com/biblioteca.aspx
_zVéase además: Base de datos Ebook7-24
856 _uhttps://0u20ftov2-y-https-research-ebsco-com.itmsp.museknowledge.com/c/qxo6us/search
_zVéase además: Base de datos EBSCOhost
942 _cLIB
_dJUS
_fJUS
_2ddc
999 _c17670
_d17670